| Поле | Инд. | ПП | Название | Значение |
|---|---|---|---|---|
| Тип записи | a | |||
| Библиографический уровень | m | |||
| 001 | _ | Контрольный номер | RU\infra-m\znanium\bibl\987953 | |
| 005 | _ | Дата корректировки | 20250915104116.9 | |
| 008 | Кодируемые данные | 200114s2019 RU g rus u | ||
| 020 | a | ISBN | 978-5-16-014504-4 | |
| 020 | a | ISBN | 978-5-16-108438-0 | |
| 040 | a | Служба первич. каталог. | Общество с ограниченной ответственностью «ЗНАНИУМ» | |
| 041 | a | Код языка текста | rus | |
| 044 | a | Код страны публикации | RU | |
| 080 | a | Индекс УДК | 930(075.8) | |
| 084 | 2 | Источник индекса | rubbk | |
| a | Индекс другой классификации/Индекс ББК | 63в.я73 | ||
| 084 | 2 | Источник индекса | okso | |
| a | Индекс другой классификации/Индекс ББК | 46.04.01 | ||
| 084 | 2 | Источник индекса | okso | |
| a | Индекс другой классификации/Индекс ББК | 46.06.01 | ||
| 084 | 2 | Источник индекса | okso | |
| a | Индекс другой классификации/Индекс ББК | 46.03.01 | ||
| 100 | 1_ | a | Автор | Мишенин Сергей Евгеньевич |
| q | Полное имя | Сергей Евгеньевич | ||
| 245 | a | Заглавие | Информационно-аналитическая работа | |
| b | Продолж. заглавия | Учебное пособие | ||
| c | Ответственность | Кемеровский государственный университет | ||
| 250 | a | Основные сведения об издании | 1 | |
| 260 | a | Место издания | Москва | |
| b | Издательство | ООО "Научно-издательский центр ИНФРА-М" | ||
| c | Дата издания | 2020 | ||
| 300 | a | Объем | 384 с. | |
| 520 | a | Аннотация | В учебном пособии рассмотрены основные понятия, касающиеся организации и технологии информационной работы студента-историка. Включает четыре раздела: первый определяет место проблематики курса в процессе исторического познания; второй отслеживает принципиальные черты фактов, источников и исследований, которые потенциально могут быть сферой исторического исследования; третий знакомит читателя с принципами, понятийным аппаратом, законами, методами и суждениями как средствами познания нового; четвертый знакомит с опытом построения текста исследования, которое подводит некий итог проделанной работы и позволяет «перевести процесс познания нового в состояние относительного знания». | |
| 521 | a | Примеч. о целев. назн. | ВО - Бакалавриат | |
| 650 | a | Основная рубрика | История. Исторические науки | |
| 852 | x | Примечание, не предназначенное для пользователя | znanium2022 | |
| 856 | 4_ | a | Имя сервера/домена | znanium.com |
| m | Помощь | ebs_support@infra-m.ru | ||
| n | Местонахождение сервера | НИЦ ИНФРА-М | ||
| u | URL | http://znanium.com/catalog/document?id=353336 | ||
| z | Примечание для пользователя | Участвует в КО | ||
| 856 | 41 | a | Имя сервера/домена | znanium.com |
| d | Путь | /cover/0987 | ||
| f | Электронное имя | 987953.jpg | ||
| q | Тип электронного формата | image/jpeg | ||
| u | URL | https://znanium.com/cover/0987/987953.jpg |